000 00211nam a22000857a 4500
008 161108b xxu||||| |||| 00| 0 eng d
100 _91059
_aBPI india
245 _aSunder the seahorse
260 _anew delhi
_bbpi
_c2011
999 _c3715
_d3715